Efektor na 6-osého robota pre automatizovanie procesu experimentálnych modálnych analýz

Enregistré dans:
Détails bibliographiques
Auteur principal: Kliský, Oliver (Auteur)
Autres auteurs: Dzurilla, Michal (Directeur de thèse)
Format: Manuscrit Livre
Langue:slovaque
Publié: 2022
Sujets:
Accès en ligne:http://is.stuba.sk/zp/portal_zp.pl?podrobnosti=164618
Tags: Ajouter un tag
Pas de tags, Soyez le premier à ajouter un tag!

MARC

LEADER 00000ntm a22000003a 4500
001 stuzp90989
003 SK-STU
005 20220611214245.3
007 ta
008 150427s2015----xo-----f-mn---000-0-slo-d
040 |a STU  |b slo 
041 0 |a slo 
100 1 |a Kliský, Oliver  |u 020010  |k Z4  |4 aut  |U SjF Strojnícka fakulta  |T SjF Ústav aplikovanej mechaniky a mechatroniky  |X 93014  |U J0010  |Y 801  |7 93014 
242 0 1 |a Effector on a 6-axis robot for automating the process of experimental modal analysis  |y eng 
245 1 0 |a Efektor na 6-osého robota pre automatizovanie procesu experimentálnych modálnych analýz 
260 |c 2022 
650 4 |a Experimentálne modálne analýzy  |2 slo 
650 4 |a robotické rameno  |2 slo 
650 4 |a Raspberry Pi  |2 slo 
650 4 |a strojové videnie  |2 slo 
650 4 |a Robotic Arm  |2 eng 
650 4 |a Raspberry Pi  |2 eng 
650 4 |a Machine Vision  |2 eng 
650 4 |a Experimental Modal Analysis  |2 eng 
700 1 |a Dzurilla, Michal  |u 020010  |k Z2  |4 ths  |U SjF Strojnícka fakulta  |T SjF Ústav aplikovanej mechaniky a mechatroniky  |X 68105  |U J0010  |Y 801  |7 A000068105 
856 4 |u http://is.stuba.sk/zp/portal_zp.pl?podrobnosti=164618